00732cam a22002531 4500001001300000003000400013005001700017008004100034010001700075035002000092040001900112042001200131050001800143060001600161100003400177245006900211260003300280300000900313500003200322500004100354500001600395740005000411999001700461sa 67006980 DLC20260227112411.0810725m19351963xx 000 0 ben  asa 67006980  a(OCoLC)14753955 aDLCcDNLMdDLC apremarc00aRS180.I3bC520 aQV 4bC495r1 aChatterjee, Prabhakar,d1903-10aRasacikiţsā.bA treatise on Ayurvedic chemistry of medicine. c[1935-1963 or 4; v. 1, 1959] a3 v. aVol. 3: 2. [in vernacular]. aVol. 3 has imprint: [in vernacular]. aIn Bengali.2 aA treatise on Ayurvedic chemistry of medicine c76264d76264